Satya mattu saundarya. (Record no. 180201)

MARC details
000 -LEADER
fixed length control field 00734nam a2200229Ia 4500
003 - CONTROL NUMBER IDENTIFIER
control field OSt
005 - DATE AND TIME OF LATEST TRANSACTION
control field 20240920144309.0
008 - FIXED-LENGTH DATA ELEMENTS--GENERAL INFORMATION
fixed length control field 210707s1983 xx 000 0 und d
040 ## - CATALOGING SOURCE
Transcribing agency AL
041 ## - LANGUAGE CODE
Language code of text/sound track or separate title Kannada
082 ## - DEWEY DECIMAL CLASSIFICATION NUMBER
Classification number K894.9 BHAS
100 ## - MAIN ENTRY--PERSONAL NAME
Personal name BHAIRAPPA (S L)
9 (RLIN) 133274
Dates associated with a name ಭೈರಪ್ಪ (ಎಸ್ ಎಲ್)
245 ## - TITLE STATEMENT
Title Satya mattu saundarya.
Remainder of title ಸತ್ಯ ಮತ್ತು ಸೌಂದರ್ಯ
260 ## - PUBLICATION, DISTRIBUTION, ETC.
Place of publication, distribution, etc. Bengaluru
Name of publisher, distributor, etc. Vishva Kannada Sammelana
Date of publication, distribution, etc. 1983
300 ## - PHYSICAL DESCRIPTION
Extent viii,339 p
365 ## - TRADE PRICE
Price amount 3
Currency code INR
563 ## - BINDING INFORMATION
Binding note PB
650 ## - SUBJECT ADDED ENTRY--TOPICAL TERM
Topical term or geographic name entry element Kannada Criticism
9 (RLIN) 133275
650 ## - SUBJECT ADDED ENTRY--TOPICAL TERM
Topical term or geographic name entry element BHYRAPPA
9 (RLIN) 133276
906 ## - LOCAL DATA ELEMENT F, LDF (RLIN)
a Anukaranavada Sadhanavada Sangatyavada Kalavimarse Niyati Sambandha Panthagalu Kurupa Mithye
942 ## - ADDED ENTRY ELEMENTS (KOHA)
Source of classification or shelving scheme Dewey Decimal Classification
Koha item type Book
Holdings
Withdrawn status Lost status Damaged status Not for loan Collection code Home library Current library Date acquired Cost, normal purchase price Total Checkouts Full call number Barcode Date last seen Price effective from Koha item type
          St Aloysius Library St Aloysius Library 03/06/2003 3.00   K894.9 BHAS BB04103 07/08/2021 07/08/2021 Book Bank